| 000 | 00395nam a2200169Ia 4500 | ||
|---|---|---|---|
| 005 | 20250409114218.0 | ||
| 008 | 231217s9999 xx 000 0 und d | ||
| 020 | _a9788181479891 | ||
| 082 | _a671.2 BEE;4 | ||
| 100 | _aBeeley, Peter. | ||
| 245 | 0 | _aFoundry technology | |
| 250 | _a2nd ed. | ||
| 260 |
_c2001 _bElsevier _aNew Delhi |
||
| 300 | _ax+719 | ||
| 650 | _aFoundry | ||
| 942 | _cAA | ||
| 999 |
_c195190 _d195190 |
||